[Event "Shumen Stojan Ivanov Memorial"]
[Site "Shumen"]
[Date "2023.07.28"]
[Round "1"]
[White "Petrov, Martin"]
[Black "Dimitrov, Georgi Y"]
[Result "1-0"]
[WhiteElo "2431"]
[BlackElo "1272"]
[PlyCount "107"]
[EventDate "2023.07.28"]
[EventType "swiss (rapid)"]
[EventRounds "11"]
[EventCountry "BUL"]
[SourceTitle "CBM 215 Extra"]
[Source "ChessBase"]
[SourceDate "2023.09.30"]
[SourceVersion "1"]
[SourceVersionDate "2023.09.30"]
[SourceQuality "1"]

1. c4 f5 2. Nf3 Nf6 3. g3 e6 4. Bg2 d5 5. 0-0 c6 6. d3 Bd6 7. Nc3 0-0 8. e4 fxe4 9. dxe4 dxe4 10. Ng5 h6 11. Ngxe4 Nxe4 12. Nxe4 Bc7 13. Be3 Nd7 14. Qe2 Nf6 15. Rad1 Qe8 16. Bc5 Rf7 17. Nd6 Bxd6 18. Bxd6 Bd7 19. Rfe1 Qc8 20. f4 Ne8 21. Ba3 Qc7 22. Qe3 Nf6 23. Bh3 Re8 24. Qxa7 Kh8 25. Bd6 Qc8 26. Be5 Rfe7 27. Qf2 c5 28. Bd6 Rf7 29. Qxc5 Qa8 30. Qa3 Qc8 31. Qd3 Qc6 32. Bg2 Qc8 33. b4 Bc6 34. Bxc6 Qxc6 35. b5 Qb6+ 36. Qe3 Qa5 37. a3 Ng4 38. Qe2 Nf6 39. Bb4 Qc7 40. Rd6 Rfe7 41. b6 Qc8 42. a4 Nd7 43. a5 Nb8 44. Qe4 Na6 45. Ba3 Nc5 46. Qe3 Na6 47. Qd4 Qb8 48. Re5 Qc8 49. f5 Nb8 50. fxe6 Nc6 51. Rxc6 Qxc6 52. Bxe7 Rxe7 53. Qd8+ Re8 54. Qd7 1-0